Η ψυχολογία του μέλλοντος : μελέτες και πειράματα από τη σύγχρονη έρευνα για τη διεύρυνση της συνείδησης

Αποθηκεύτηκε σε:
Λεπτομέρειες βιβλιογραφικής εγγραφής
Κύριος συγγραφέας: Grof, Stanislav 1931-
Άλλοι συγγραφείς: Τερζάκης, Φώτης, 1959- (Μεταφραστής)
Μορφή: Βιβλίο
Γλώσσα:Greek
English
Δημοσίευση: Αθήνα : Αρχέτυπο, 2002.
Σειρά:Δρόμοι της γνώσης
Θέματα:
Ετικέτες: Προσθήκη ετικέτας
Δεν υπάρχουν, Καταχωρήστε ετικέτα πρώτοι!

MARC

LEADER 00000cam a2200000 i 4500
001 1/2968
008 100112s2002 gr | ||| |||| ||gre||
020 |a 9607928601 
035 |l 10106210 
040 |a GR-MY-UA  |b gre  |e aacr 
041 1 |a gre  |h eng 
082 0 |a 154.4  |2 (22) 
100 1 |a Grof, Stanislav  |d 1931- 
245 1 2 |a Η ψυχολογία του μέλλοντος :   |b μελέτες και πειράματα από τη σύγχρονη έρευνα για τη διεύρυνση της συνείδησης /  |c Stanislav Grof ; μετάφραση Φώτης Τερζάκης.  
260 |a Αθήνα :   |b Αρχέτυπο,   |c 2002.  
300 |a 413 σ. :   |b εικ. ;   |c 23 εκ.  
490 1 |a (Δρόμοι της γνώσης)  
500 |a Τίτλος πρωτοτύπου: Psychology of the future 
504 |a Περιέχει βιβλιογραφικές παραπομπές 
650 0 0 |a Altered states of consciousness. 
650 0 0 |a Consciousness. 
650 0 0 |a Spirituality. 
650 0 0 |a Psychology  |x Philosophy. 
650 0 0 |a Psychiatry  |x Philosophy. 
650 0 0 |a Transpersonal psychology. 
700 1 |a Τερζάκης, Φώτης,   |d 1959-  |e trl 
830 0 |a Δρόμοι της γνώσης 
852 |a INST  |b SAMOS  |e 20100112  |h 154.4 GRO  |p 005300024983  |q 005300024983  |t BK  |y 0 
901 |a BIBL3-2010-1 
909 |a Σ  |b 114711 
970 |a ΡΟΥΣΣΟΥ  |b ΚΩΝΣΤΑΝΤΙΝΑ  |z 2010/01/12